Alaska Bouroughs - Statistics

General Stats
  • This quiz has been taken 13 times
  • The average score is 14 of 20
Answer Stats
Pop Seat area (Sq mi) Answer % Correct
96,292 Fairbanks 7,335 Fairbanks
100%
31,705 Consolidated* 2,704 Juneau
100%
63,220 Soldotna 16,017 Kenai Peninsula
100%
13,839 Ketchikan 4,857 Ketchikan Gateway
100%
12,464 Kodiak 6,689 Kodiak Island
100%
283,667 Consolidated* 1,707 Anchorage
88%
11,169 Utqiagvik (Barrow) 88,824 North Slope
88%
1,610 Healy 12,641 Denali
75%
8,368 Consolidated* 2,870 Sitka
75%
2,050 Consolidated* 2,556 Wrangell
75%
9,012 Unalaska/Sand Point 11,378 Aleutians
63%
792 Bristol Bay 482 Bristol Bay
63%
3,616 Petersburg 2,901 Petersburg
63%
1,100 Consolidated* 434 Skagway
63%
1,311 King Salmon 23,832 Lake and Peninsula
50%
119,388 Palmer 24,707 Matanuska Susitna
50%
7,155 Kotzebue 35,663 Northwest Arctic
50%
700 Consolidated* 7,623 Yakutat
50%
2,070 Consolidated* 2,343 Haines
38%
76,202 Unorganized, No seat 315,439 Unorganized
25%
No matching quizzes found
Score Distribution
Percent of People with Each Score
Percentile by Number Answered
Your Score History
You have not taken this quiz